[Event "Catalunya-chT GpB final"]
[Site "Barcelona"]
[Date "2018.04.14"]
[Round "4.6"]
[White "Garcia Castellote, Daniel"]
[Black "Ballesteros Collazos, Sergio"]
[Result "0-1"]
[WhiteElo "2030"]
[BlackElo "2200"]
[PlyCount "54"]
[EventDate "2018.03.10"]
[EventType "team-tourn"]
[EventRounds "4"]
[EventCountry "ESP"]
[SourceTitle "EXT 2019"]
[Source "ChessBase"]
[SourceDate "2018.10.10"]
[SourceVersion "1"]
[SourceVersionDate "2018.10.10"]
[SourceQuality "1"]
[WhiteTeam "Peona I Peo"]
[BlackTeam "Catalunya"]
[WhiteTeamCountry "ESP"]
[BlackTeamCountry "ESP"]

1. e4 g6 2. d4 Bg7 3. c4 d6 4. Nc3 Nf6 5. f3 0-0 6. Bg5 c5 7. d5 e6 8. Nge2 Re8 9. Ng3 h6 10. Be3 exd5 11. cxd5 a6 12. a4 h5 13. Be2 Nbd7 14. 0-0 h4 15. Nh1 Nh7 16. Qd2 Qe7 17. Nf2 f5 18. Bh6 Bd4 19. exf5 gxf5 20. Rae1 Qf7 21. Kh1 Qg6 22. Nh3 Kh8 23. Ng5 Rg8 24. Qf4 Nxg5 25. Qxh4 Nh7 26. g4 Ne5 27. gxf5 Qg2# 0-1

[Event "Catalunya-chT Gp1"]
[Site "Barcelona"]
[Date "2017.02.25"]
[Round "6.8"]
[White "Garcia Castellote, Daniel"]
[Black "Fabregas Fontanet, Antonio"]
[Result "1-0"]
[WhiteElo "2065"]
[BlackElo "1889"]
[PlyCount "57"]
[EventDate "2017.01.21"]
[EventType "team-tourn"]
[EventRounds "7"]
[EventCountry "ESP"]
[SourceTitle "EXT 2018"]
[Source "ChessBase"]
[SourceDate "2017.10.13"]
[SourceVersion "1"]
[SourceVersionDate "2017.10.13"]
[SourceQuality "1"]
[WhiteTeam "Peona I Peo"]
[BlackTeam "Montcada"]
[WhiteTeamCountry "ESP"]
[BlackTeamCountry "ESP"]

1. e4 d6 2. d4 g6 3. c4 Bg7 4. Nc3 Nf6 5. f3 0-0 6. Bg5 Nc6 7. Nge2 a6 8. Qd2 Re8 9. g4 b5 10. h4 bxc4 11. h5 e5 12. hxg6 fxg6 13. d5 Na7 14. Ng3 Nb5 15. Bxc4 Nd4 16. Qg2 Rb8 17. 0-0-0 Rb4 18. Bd3 Qe7 19. Rh4 h6 20. Rxh6 Bxh6 21. Bxh6 Kf7 22. Bg5 Rg8 23. Rf1 Ke8 24. f4 Rf8 25. fxe5 Qxe5 26. Bf4 Qe7 27. e5 dxe5 28. Bxg6+ Kd8 29. Bg5 1-0

[Event "Catalunya-chT Gp1"]
[Site "Barcelona"]
[Date "2017.01.28"]
[Round "2.8"]
[White "Garcia Castellote, Daniel"]
[Black "Codina Garcia, Jose"]
[Result "1-0"]
[WhiteElo "2065"]
[BlackElo "2126"]
[PlyCount "69"]
[EventDate "2017.01.21"]
[EventType "team-tourn"]
[EventRounds "7"]
[EventCountry "ESP"]
[SourceTitle "CBM 176 Extra"]
[Source "ChessBase"]
[SourceDate "2017.03.02"]
[SourceVersion "1"]
[SourceVersionDate "2017.03.02"]
[SourceQuality "1"]
[WhiteTeam "Peona I Peo"]
[BlackTeam "Lleida"]
[WhiteTeamCountry "ESP"]
[BlackTeamCountry "ESP"]

1. e4 c5 2. c3 Nf6 3. e5 Nd5 4. d4 e6 5. Nf3 cxd4 6. Qxd4 Nc6 7. Qe4 d6 8. Bb5 Bd7 9. c4 Nc7 10. exd6 Bxd6 11. 0-0 Qe7 12. Nc3 h6 13. Rd1 Rd8 14. Rxd6 Qxd6 15. Bf4 e5 16. Nxe5 Ne6 17. Ng6 Qd4 18. Nxh8 Qxe4 19. Nxe4 Nxf4 20. Nd6+ Kf8 21. Nhxf7 Rb8 22. Bxc6 Bxc6 23. Ne5 Rd8 24. Nxc6 Rxd6 25. Nxa7 Rd2 26. b3 Nd3 27. Nb5 Ke7 28. Nc3 Rc2 29. Nd5+ Kd6 30. Rd1 Nb2 31. Nb4+ Nxd1 32. Nxc2 Nc3 33. a3 b5 34. cxb5 Nxb5 35. f3 1-0

[Event "Catalunya-chT GpB final"]
[Site "Barcelona"]
[Date "2015.04.18"]
[Round "11.1"]
[White "Garcia Castellote, Daniel"]
[Black "Morais Carreras, Javier"]
[Result "1-0"]
[WhiteElo "2013"]
[BlackElo "1956"]
[PlyCount "95"]
[EventDate "2015.03.14"]
[EventType "team-tourn"]
[EventRounds "11"]
[EventCountry "ESP"]
[SourceTitle "EXT 2016"]
[Source "ChessBase"]
[SourceDate "2015.10.08"]
[SourceVersion "1"]
[SourceVersionDate "2015.10.08"]
[SourceQuality "1"]
[WhiteTeam "Peona I Peo"]
[BlackTeam "Mollet"]
[WhiteTeamCountry "ESP"]
[BlackTeamCountry "ESP"]

1. e4 e5 2. Nf3 Nf6 3. Nxe5 d6 4. Nf3 Nxe4 5. Nc3 Nxc3 6. dxc3 Be7 7. Bf4 Nc6 8. Qd2 Be6 9. 0-0-0 Bxa2 10. b3 a5 11. Kb2 a4 12. Kxa2 axb3+ 13. Kxb3 Ra5 14. Kb2 Qa8 15. Bc4 d5 16. Bxc7 b6 17. Rhe1 0-0 18. Rxe7 dxc4 19. Qe2 Rb5+ 20. Kc1 Qa3+ 21. Kd2 Qxe7 22. Qxe7 Nxe7 23. Nd4 Rh5 24. Bd6 Re8 25. Re1 Kf8 26. Bb4 Rd5 27. Kc1 Rd7 28. Nc6 Rc7 29. Nxe7 Rexe7 30. Rxe7 Rxe7 31. Kb2 Ke8 32. Bxe7 Kxe7 33. Ka3 Kd6 34. Kb4 g6 35. Kxc4 Kc6 36. Kb4 f6 37. f3 h6 38. Kc4 h5 39. h4 g5 40. g3 gxh4 41. gxh4 f5 42. Kd4 Kd6 43. f4 Ke6 44. c4 Kd6 45. c3 Ke6 46. c5 b5 47. c6 Kd6 48. c7 1-0

[Event "La Pobla de Lillet op 23rd"]
[Site "La Pobla de Lillet"]
[Date "2013.08.03"]
[Round "2"]
[White "Garcia Castellote, Daniel"]
[Black "Kovacevic, Slobodan"]
[Result "0-1"]
[WhiteElo "2036"]
[BlackElo "2337"]
[PlyCount "72"]
[EventDate "2013.08.02"]
[EventType "swiss"]
[EventRounds "9"]
[EventCountry "ESP"]
[SourceTitle "EXT 2014"]
[Source "ChessBase"]
[SourceDate "2013.11.20"]
[SourceVersion "1"]
[SourceVersionDate "2013.11.20"]
[SourceQuality "1"]

1. e4 c5 2. c3 e6 3. d4 d5 4. exd5 exd5 5. Nf3 Nc6 6. Bb5 Bd6 7. 0-0 Nge7 8. dxc5 Bxc5 9. Nbd2 0-0 10. Nb3 Bb6 11. Bd3 Nf5 12. Qc2 g6 13. Bg5 Qd6 14. Qd2 Bc7 15. g3 f6 16. Bf4 Ne5 17. Kg2 Ng7 18. Rad1 Ne6 19. Be3 Nxf3 20. Kxf3 d4 21. Nxd4 Qd5+ 22. Be4 Ng5+ 23. Bxg5 fxg5+ 24. Ke3 Re8 25. f3 Qxa2 26. Kf2 Bb6 27. Kg2 g4 28. Rfe1 Rd8 29. fxg4 Bxg4 30. Ra1 Qf7 31. h3 Be6 32. Rf1 Qd7 33. Rad1 Bxh3+ 34. Kh2 Bxf1 35. Rxf1 Bxd4 36. cxd4 Qxd4 0-1

[Event "La Pobla de Lillet op 22nd"]
[Site "La Pobla de Lillet"]
[Date "2012.08.05"]
[Round "5"]
[White "Garcia Castellote, Daniel"]
[Black "Aranda Marin, Cristian"]
[Result "0-1"]
[WhiteElo "2009"]
[BlackElo "2324"]
[PlyCount "44"]
[EventDate "2012.08.01"]
[EventType "swiss"]
[EventRounds "9"]
[EventCountry "ESP"]
[SourceTitle "CBM 149 Extra"]
[Source "ChessBase"]
[SourceDate "2012.08.24"]
[SourceVersion "1"]
[SourceVersionDate "2012.08.24"]
[SourceQuality "1"]

1. e4 b6 2. d4 Bb7 3. Nc3 e6 4. a3 Nf6 5. e5 Nd5 6. Nxd5 Bxd5 7. Nf3 d6 8. Be2 Nd7 9. 0-0 Be7 10. c4 Bb7 11. b4 0-0 12. Bb2 Re8 13. Re1 Nf8 14. Qb3 Ng6 15. Rad1 a5 16. Bf1 axb4 17. axb4 Qd7 18. Ra1 Rxa1 19. Rxa1 Bxf3 20. Qxf3 dxe5 21. dxe5 Qd2 22. Qe3 Qxb2 0-1

[Event "La Pobla de Lillet op 19th"]
[Site "La Pobla de Lillet"]
[Date "2009.08.??"]
[Round "1"]
[White "Cuartas, Jaime Alexander"]
[Black "Garcia Castellote, Daniel"]
[Result "0-1"]
[WhiteElo "2521"]
[BlackElo "1949"]
[PlyCount "66"]
[EventDate "2009.08.02"]
[EventType "swiss"]
[EventRounds "9"]
[EventCountry "ESP"]
[SourceTitle "CBM 131 Extra"]
[Source "ChessBase"]
[SourceDate "2009.09.03"]
[SourceVersion "2"]
[SourceVersionDate "2009.09.16"]
[SourceQuality "1"]

1. e4 c5 2. d4 cxd4 3. c3 dxc3 4. Nxc3 e6 5. Nf3 Nc6 6. Bf4 Bb4 7. e5 Nge7 8. Bd3 d5 9. 0-0 Ng6 10. Bg3 a6 11. Rc1 Bd7 12. h4 h6 13. Bxg6 fxg6 14. Qd3 Ne7 15. Ne2 Bb5 16. Qd1 Bxe2 17. Qxe2 Nf5 18. Qd3 Qb6 19. Bf4 0-0 20. Bd2 Bxd2 21. Qxd2 Rf7 22. Rc2 Raf8 23. Rfc1 Kh7 24. Rc5 Ne7 25. Ne1 Rxf2 26. Qxf2 Rxf2 27. Kxf2 Qxb2+ 28. R5c2 Qd4+ 29. Kf1 Nf5 30. Rc3 Ng3+ 31. Rxg3 Qf4+ 32. Rf3 Qxc1 33. g3 Qa1 0-1